| 000 | 00681nam a2200193Ia 4500 | ||
|---|---|---|---|
| 003 | LDD | ||
| 008 | 190117s9999 xx 000 0 und d | ||
| 020 | _c₹1000 | ||
| 040 | _cLDD | ||
| 041 | _ahi | ||
| 082 | _a8H7.7 प6474चु- | ||
| 100 | _aपरसाई, हरिशंकर | ||
| 245 | 0 |
_aहरिशंकर परसाईः चुनी हुई रचनाएँ _cहरिशंकर परसाई |
|
| 260 |
_aनई दिल्ली _bवाणी प्रकाशन _c2000 |
||
| 300 | _a536पृ. | ||
| 901 | _aVANI | ||
| 904 | _aReqst by : Parakh, Jawarimal (Dr.) | ||
| 942 |
_2ddc _cH |
||
| 999 |
_c162925 _d162925 |
||